00930 2200265 4500001002100000005001500021035002000036007000300056008004100059020002200100082001200122084002100134100001600155245007600171300003900247650002400286700002500310700003100335520016300366264004500529336002100574337003000595338002300625990001600648INLIS00000000116325020230622014103 a0010-0623000043ta230622 b 0 ind  a978-623-91463-1-3 a2X4.157 aSR 2X4.157 CAN t0 aCanun Kamil1 aTiga tanah suci /cCanun Kamil, Fufu Elmart; editor, Iana Laily Lukluah a20 halaman :bilustrasi ;c17.5 cm 4aTempat suci (Islam)0 aFufu Elmartepenulis0 aIana Laily Lukluaheeditor aAda tiga tanah suci yang dianjurkan Rasulullah SAW untuk kita kunjungi. Yuk kita berpetualang melalui buku ini, untuk mengetahui ketiga tempat utama tersebut. aBandung :bSakeena Lentera Berkah,c2019 2rdacontentaTeks 2rdamediaaTanpa perantara 2rdacarrieraVolume a51939.64759